000 00451nam a22001817a 4500
003 MPLRDC
005 20220104114536.0
008 210129b ||||| |||| 00| 0 eng d
020 _a7-80611-015-1
082 _a857.61 TAT
100 _a谭安泰编
245 _a盲猎
_c水晶、尤今等著
250 _a一版一刷
260 _a
_b花山文艺出版社
_c1994
300 _b
650 _a短篇小说--总集
942 _cBK
_o857.61 TAT
999 _c8288
_d8278